000
00272nam a2200133 4500
008
211019b ||||| |||| 00| 0 eng d
041
_a
eng
080
_a
821
082
_a
821
100
_a
21
101
_a
GJL
245
_a
Julian a novel
_c
Vidal,G
942
_2
ddc
_c
BK
999
_c
58275
_d
58275